Андрій Первозванний (Запис № 580614)

МАРК-запис
000 -Лідер
fixed length control field 00803 a2200217 4500
003 - Ідентифікатор контрольного номера
control field UA-OsUOA
005 - Дата та час останнього входження (трансакції)
control field 20260429124747.0
008 - Елементи даних фіксованої довжини – загальна інформація
fixed length control field 260429b un ||||| |||| 00| 0 ukr d
040 ## - Джерело каталогізації
Агенція оригінальної каталогізації UA-OsUOA
Мова каталогізації ukr
Агенція, яка здійснювала перезапис UA-OsUOA
Агенція, яка здійснювала модифікацію UA-OsUOA
041 ## - Код мови
Код мови тексту/ звукової доріжки чи окремого заголовка (П) ukr
080 ## - Індекс Універсальної десяткової класифікації
Індекс Універсальної десяткової класифікації (УДК) (НП) 82-31
090 ## - Локальний шифр розміщення
Класифікаційний індекс УДК 82-31
Авторський знак (НП) В68
100 ## - Основне введення – ім’я особи
Ім’я особи (НП) Володимир Р.
9 (RLIN) 25125
245 ## - Відомості про назву
Назва (НП) Андрій Первозванний
Решта назви (НП) історична повість
Дані про відповідальність (НП) Р. Володимир
260 ## - Публікація, розповсюдження і т.п. (Вихідні дані)
Ім’я/ наймення видавництва, розповсюджувача і т.п. (П) Видавництво Юліана Середяка
Дата публікації, розповсюдження і т.п. (П) 1984
Місце публікації, розповсюдження і т.п. (П) Буенос-Айрес
300 ## - Фізичний опис
Обсяг 263 с.
650 ## - Додаткове предметне введення – тематичний термін
Джерело заголовка чи терміна UDC
Тематичний термін чи географічна назва, як елемент введення (НП) 82 Література. Літературознавство
9 (RLIN) 15
942 ## - Додаткові елементи входу (Коха)
Тип елемента Koha Книги
Source of classification or shelving scheme Universal Decimal Classification
955 ## - Код типу видання за змістом
Код типу видання за змістом (НП) Літературно-художні видання
Фонди
Стан вилучень Стан втрат Джерело класифікації або схеми стелажів Стан уражень Не для кредиту Код колекції Постійне місце розташування Поточне розміщення Дата придбання Джерело придбання Вартість, звичайна ціна покупки Інвентарний номер Усього замовленно Повний номер виклику Штрих-код Дата останнього перегляду Вартість, ціна заміни Ціна ефективна від Тип елемента Koha Примітка, призначена для загального доступу
    Universal Decimal Classification     Колекція др. Константина Бризгуна (Оксани і Ярослава Соколиків) Наукова бібліотека ІДУД Наукова бібліотека ІДУД 29/04/2026 №12/29.04.2026 (ІДУД) 1.00 300837   82-31 В68 300837 29/04/2026 1.00 29/04/2026 Книги Отримано в дар від Оксани Бризгун-Соколик ; містить екслібрис "Соколиків"